Service de Presse et d'Information des Communautés Européennes

সংরক্ষণ করুন:
গ্রন্থ-পঞ্জীর বিবরন
সংস্থা লেখক: Service de Presse et d'Information des Communautés Européennes
বিন্যাস: গ্রন্থ
ভাষা:Undetermined
প্রকাশিত: Paris Service de Presse et d'Information des Communautés Européennes
বিষয়গুলি:
ট্যাগগুলো: ট্যাগ যুক্ত করুন
কোনো ট্যাগ নেই, প্রথমজন হিসাবে ট্যাগ করুন!
Thư viện lưu trữ: Trung tâm Học liệu Trường Đại học Cần Thơ
LEADER 00640nam a2200169Ia 4500
001 CTU_98688
008 210402s9999 xx 000 0 und d
082 |a 338.9 
082 |b S491 
110 |a Service de Presse et d'Information des Communautés Européennes 
245 0 |a Service de Presse et d'Information des Communautés Européennes 
245 0 |c Service de Presse et d'Information des Communautés Européennes 
260 |a Paris 
260 |b Service de Presse et d'Information des Communautés Européennes 
650 |a Developing countries 
904 |i Giang 
980 |a Trung tâm Học liệu Trường Đại học Cần Thơ